Návrh opatrení na zlepšenie využitia marketingových aktivít na podporu budovania značky v podniku JAF HOLZ Slovakia, s.r.o.

Guardado en:
Detalles Bibliográficos
Autor principal: Zvolenský, Tomáš, 1990- (Autor)
Otros Autores: Prajová, Vanesa (Orientador)
Formato: Manuscrito Libro
Lenguaje:eslovaco
Publicado: Trnava : STU v Bratislave MTF UPMK, 2013
Materias:
Acceso en línea:VAIS
Etiquetas: Agregar Etiqueta
Sin Etiquetas, Sea el primero en etiquetar este registro!

MARC

LEADER 00000ntm a22000003a 4500
001 stu269687
005 20150617230247.8
008 130703s2013----xo------------------slo-d
040 |a STU  |b slo 
041 0 |a slo 
044 |a xo 
100 1 |a Zvolenský, Tomáš,  |d 1990-  |4 aut  |u M  |T MTF Materiálovotechnologická fakulta  |X 6734  |U M  |Y 60  |7 A000006734 
242 0 0 |a The proposal of measures for improvement in the use of marketing activities to promote the brand building in the company Jaf Holz Slovakia, s. r. o.  |y eng 
245 1 |a Návrh opatrení na zlepšenie využitia marketingových aktivít na podporu budovania značky v podniku JAF HOLZ Slovakia, s.r.o. 
260 |a Trnava :  |b STU v Bratislave MTF UPMK,  |c 2013 
650 7 |a priemyselné manažérstvo  |2 stusub 
650 7 |a Industrial Management  |2 estusub 
650 7 |a brand  |2 estusub 
650 7 |a marketing  |2 estusub 
650 7 |a značka  |2 stusub 
650 7 |a logo  |2 stusub 
700 1 |a Prajová, Vanesa  |4 ths  |u M4000  |U MTF Materiálovotechnologická fakulta  |T MTF Ústav priemyselného inžinierstva a manažmentu  |X 47651  |U M4000  |Y 84  |7 A000047651 
856 4 |a info a plný text  |u http://is.stuba.sk/zp/portal_zp.pl?podrobnosti=79016  |3 VAIS 
996 |c M*BP-6549  |l MMSKP  |s P  |a 0  |w stu269687_0001